[Event "ICS rated blitz match"]
[Site "207.99.83.227"]
[Date "1999.05.13"]
[Round "?"]
[White "Hossa"]
[Black "JudgeTurpin"]
[Result "1-0"]
[WhiteElo "2457"]
[BlackElo "2683"]
[PlyCount "123"]

1. e4 e5 2. f4 exf4 3. Nf3 g5 4. Bc4 Bg7 5. h3 d6 6. h4 h6 7. hxg5 hxg5 8. Rxh8
Bxh8 9. Nh2 Nf6 10. Nc3 Be6 11. Be2 c6 12. d4 Qa5 13. Bd2 Qc7 14. Nf3 Nh7 15.
d5 Bg4 16. dxc6 Bxc3 17. Bxc3 Nxc6 18. Qd3 Qb6 19. O-O-O Bh5 20. Rh1 Bxf3 21.
Bxf3 Nf8 22. Qxd6 Rd8 23. Qf6 Qc5 24. e5 Ne6 25. Bxc6+ bxc6 26. Rh8+ Nf8 27.
Rxf8+ Qxf8 28. Qxc6+ Rd7 29. Ba5 Qe7 30. Qa8+ Rd8 31. Bxd8 Qxd8 32. Qxa7 Qd5
33. Qb8+ Ke7 34. Qd6+ Qxd6 35. exd6+ Kxd6 36. Kd1 g4 37. Ke2 Kd5 38. Kf2 f6 39.
a4 Kc4 40. a5 Kb5 41. b4 f5 42. c3 Kc6 43. c4 Kd7 44. c5 Kc7 45. a6 Kc8 46. b5
Kc7 47. Kf1 f3 48. b6+ Kc6 49. gxf3 g3 50. a7 g2+ 51. Kxg2 Kxc5 52. a8=Q Kxb6
53. Kg3 Kc5 54. Qd8 Kc4 55. Kf4 Kc3 56. Kxf5 Kc4 57. Ke4 Kc5 58. Kd3 Kc6 59.
Kc4 Kb7 60. Kc5 Ka7 61. Kc6 Ka6 62. Qa8# {JudgeTurpin checkmated} 1-0

[Event "ICS rated blitz match"]
[Site "207.99.83.227"]
[Date "1999.05.13"]
[Round "?"]
[White "Hossa"]
[Black "JudgeTurpin"]
[Result "1-0"]
[WhiteElo "2482"]
[BlackElo "2658"]
[PlyCount "103"]

1. e4 e5 2. f4 exf4 3. Nf3 g5 4. Bc4 Bg7 5. h3 Nc6 6. O-O d6 7. Nc3 Be6 8. Bb3
h6 9. d4 Na5 10. Ba4+ Bd7 11. b4 Bxa4 12. Nxa4 Nc4 13. Qe2 Nb6 14. Nxb6 axb6
15. Bb2 Qe7 16. Qb5+ c6 17. Qd3 b5 18. a3 h5 19. e5 g4 20. exd6 Qxd6 21. Ng5 f3
22. Rae1+ Ne7 23. Rf2 Qf4 24. h4 Bf6 25. Re4 Qd6 26. Bc1 fxg2 27. Rxg2 Rd8 28.
c3 Ra8 29. Rf2 Rf8 30. Rf5 Bxg5 31. Bxg5 f6 32. Bh6 Rf7 33. Bf4 Qd7 34. Rxh5
Rxa3 35. Re1 f5 36. Bc1 Ra2 37. Qg3 Rg7 38. Bg5 Rxg5 39. hxg5 Ra1 40. Rh8+ Kf7
41. Rxa1 Qe6 42. Rh7+ Ke8 43. Re1 f4 44. Rxe7+ Qxe7 45. Rxe7+ Kxe7 46. Qxf4 Ke6
47. g6 Kd5 48. g7 Kc4 49. g8=Q+ Kd3 50. Qb3 b6 51. c4+ Ke2 52. Qfe3# {
JudgeTurpin checkmated} 1-0

[Event "ICS rated blitz match"]
[Site "207.99.83.227"]
[Date "1999.05.13"]
[Round "?"]
[White "Hossa"]
[Black "JudgeTurpin"]
[Result "0-1"]
[WhiteElo "2505"]
[BlackElo "2635"]
[Annotator "Crafty v16.6"]
[PlyCount "103"]

{annotating for player ossa using a scoring margin of +0.20 pawns. search time
limit is 1:00} 1. e4 1... e5 2. f4 exf4 3. Nf3 d6 4. Bc4 ({9:-0.91} 4. Bc4 4...
Be7 5. Rg1 Nc6 6. d4 Bh4+ 7. g3 fxg3 8. hxg3 Bf6 9. Nc3 $17) ({9:-0.67} 4. d4
4... g5 5. h3 Bh6 6. Nc3 Nc6 7. Bb5 Nf6 8. e5 $15) 4... h6 5. d4 g5 6. h3 Nf6
7. Nc3 Nc6 8. Bb5 Bd7 9. O-O ({9:-1.43} 9. O-O 9... Nh5 10. e5 a6 11. Bxc6 Bxc6
12. exd6 Qxd6 13. Re1+ Be7 14. Ne5 Ng3 15. Nxc6 15... Qxc6 $17) ({9:-0.86} 9.
Bd2 9... Nh5 10. Ne2 Qe7 11. d5 Ne5 12. Bxd7+ Nxd7 13. Bc3 Bg7 14. Qd3 $17)
9... a6 10. Bxc6 Bxc6 11. e5 Bxf3 12. Qxf3 dxe5 13. dxe5 Nd7 14. Qxb7 Nxe5 15.
Re1 Bc5+ 16. Kh1 ({10:+0.32} 16. Kh1 16... Bd4 17. Qe4 Bxc3 18. bxc3 f6 19. Ba3
Kf7 20. Rad1 20... Qe8 $14) ({10:+0.73} 16. Kf1 16... Bd4 17. Ne2 Be3 18. Qe4
f6 19. Bxe3 fxe3 20. Qxe3 O-O 21. Rad1 $16) 16... Bd4 17. Qe4 c5 18. Ne2 ({
11:+0.69} 18. Ne2 18... f6 19. Rd1 Qc8 20. Nxd4 cxd4 21. Rxd4 f3 22. Bd2 fxg2+
23. Kxg2 O-O 24. Qd5+ Kh8 25. Rc1 $14) ({11:+1.03} 18. Na4 18... O-O 19. c3 Bf2
20. Qxe5 Bxe1 21. Qxe1 Re8 22. Qg1 c4 23. Nc5 $16) 18... f6 19. Nxd4 ({10:+0.60
} 19. Nxd4 19... cxd4 20. Rd1 O-O 21. Rxd4 Qc7 22. Bd2 Rad8 23. Bb4 Rxd4 24.
Qxd4 24... Rd8 $14) ({10:+0.89} 19. Rd1 19... Qc8 20. c3 Be3 21. Bxe3 fxe3 22.
Rd5 c4 23. Rc5 Qd8 24. Qxe3 $16) 19... cxd4 20. Kg1 ({10:-0.13} 20. Kg1 20...
Rc8 21. Rd1 Qc7 22. Qf5 Kf7 23. Rd2 Qd6 24. c3 24... d3 $10) ({10:+0.62} 20.
Rd1 20... Qc8 21. Rxd4 f3 22. Bd2 fxg2+ 23. Kxg2 O-O 24. Re1 Rf7 25. Qd5 25...
Qe8 $14) 20... O-O 21. Rd1 Qb6 22. Rxd4 ({10:-0.13} 22. Rxd4 22... Rad8 23. c3
f3 24. b3 Qc5 25. Qe3 Rc8 26. gxf3 26... Qxc3 $10) ({10:+0.19} 22. Qxd4 22...
Qxd4+ 23. Rxd4 f3 24. Bd2 fxg2 25. Kxg2 Rad8 26. Bc3 Kf7 27. Rad1 Rxd4 28. Bxd4
28... Ke6 $10) 22... Nc6 23. Be3 Nxd4 24. Bxd4 ({12:-0.72} 24. Bxd4 24... Qc7
25. Bxf6 Qb6+ 26. Bd4 Rae8 27. Qd5+ Qe6 28. Qxe6+ Rxe6 29. Kf2 Rfe8 30. c4 Re2+
31. Kf3 Rd2 32. Bf6 $17) ({12:+0.00} 24. Qg6+ 24... Kh8 25. Qxh6+ Kg8 26. Qg6+
Kh8 27. Qh6+ $10) 24... Qc7 25. Bxf6 Qh7 26. Qe6+ Qf7 27. Re1 Rfe8 28. Qxf7+
Kxf7 29. Bc3 Rxe1+ 30. Bxe1 Rd8 31. c4 Kf6 32. c5 Ke6 33. Kh2 Rd3 34. Bc3 Kd5
35. Bb4 Re3 36. Kg1 Re4 37. Ba3 Re2 38. Kf1 Rd2 39. Kg1 h5 40. Kf1 g4 41. hxg4
hxg4 42. Kg1 g3 43. Kf1 Rf2+ 44. Ke1 Rxg2 45. c6 f3 46. c7 Re2+ 47. Kd1 Re8 48.
c8=Q Rxc8 49. Kd2 g2 50. Ke3 g1=Q+ 51. Kxf3 Qf1+ 52. Ke3 0-1

[Event "ICS rated blitz match"]
[Site "207.99.83.227"]
[Date "1999.05.13"]
[Round "?"]
[White "SuperChicken"]
[Black "Hossa"]
[Result "0-1"]
[WhiteElo "2783"]
[BlackElo "2495"]
[PlyCount "168"]

1. e4 e5 2. Nf3 Nf6 3. d4 exd4 4. e5 Ne4 5. Qxd4 d5 6. exd6 Nxd6 7. Nc3 Nc6 8.
Qf4 Bf5 9. Bb5 Qe7+ 10. Be3 Nxb5 11. Nxb5 Qb4+ 12. Qxb4 Bxb4+ 13. c3 Ba5 14. b4
Bd3 15. Nbd4 Nxb4 16. Kd2 Be4 17. cxb4 Bxb4+ 18. Ke2 O-O-O 19. Rhd1 Rhe8 20.
Nb5 a6 21. Rd4 Ba5 22. Rxd8+ Rxd8 23. Nbd4 Bc3 24. Rc1 Bb2 25. Rc4 Bd5 26. Ra4
Bxd4 27. Rxd4 Bxa2 28. Rh4 Rh8 29. Bd4 f6 30. Re4 Bc4+ 31. Ke3 Bb5 32. Nh4 Bd7
33. Re7 Rg8 34. Kd2 b6 35. Bc3 c5 36. f4 Kd8 37. Re3 Kc7 38. Rg3 Be6 39. Re3
Kd6 40. Rd3+ Ke7 41. Re3 Rd8+ 42. Kc2 Kf7 43. h3 Bd5 44. g4 Re8 45. Rxe8 Kxe8
46. Be1 g6 47. Bd2 Be4+ 48. Kb3 Ke7 49. Kc4 Ke6 50. g5 fxg5 51. fxg5 Kd6 52.
Bf4+ Kc6 53. Kc3 b5 54. Kd2 a5 55. Ke3 Kd5 56. Bd6 Kxd6 57. Kxe4 a4 58. Kd3 c4+
59. Kc2 b4 60. Kb2 a3+ 61. Ka2 Kd5 62. Nf3 c3 63. Kb3 c2 64. Kxc2 Kc4 65. Nd2+
Kd4 66. Kb3 Ke3 67. Nc4+ Kf4 68. Nb6 Kxg5 69. Nd5 Kh4 70. Nxb4 g5 71. Kxa3 Kxh3
72. Nd3 g4 73. Kb3 g3 74. Kc4 g2 75. Nf4+ Kh2 76. Kd5 g1=Q 77. Ke5 Qg4 78. Nd5
Qg5+ 79. Ke6 Qxd5+ 80. Kxd5 Kg3 81. Kd4 Kf3 82. Ke5 h5 83. Kf6 h4 84. Ke5 84...
h3 {SuperChicken resigns} 0-1

[Event "ICS rated blitz match"]
[Site "207.99.83.227"]
[Date "1999.05.13"]
[Round "?"]
[White "blunite"]
[Black "Hossa"]
[Result "0-1"]
[WhiteElo "2233"]
[BlackElo "2522"]
[PlyCount "66"]

1. e4 e5 2. Nf3 Nf6 3. d4 exd4 4. e5 Ne4 5. Qxd4 d5 6. exd6 Nxd6 7. Nc3 Nc6 8.
Qf4 Bf5 9. Bb5 Qe7+ 10. Be3 Nxb5 11. Nxb5 Qb4+ 12. Qxb4 Bxb4+ 13. c3 Ba5 14.
O-O-O O-O 15. h3 Rfe8 16. Rd2 Be4 17. Nh4 a6 18. Nd4 Rad8 19. Nxc6 Rxd2 20.
Kxd2 Bxc6 21. Re1 b5 22. f3 h5 23. Nf5 Bd7 24. Ng3 h4 25. Ne4 b4 26. Bd4 Bb5
27. a3 bxa3 28. bxa3 Rd8 29. Ke3 f5 30. Nc5 Rd5 31. Rc1 Bb6 32. Nb3 c5 33. Kd2
33... Ba4 {blunite resigns} 0-1

[Event "ICS rated blitz match"]
[Site "207.99.83.227"]
[Date "1999.05.13"]
[Round "?"]
[White "blunite"]
[Black "Hossa"]
[Result "1/2-1/2"]
[WhiteElo "2247"]
[BlackElo "2530"]
[PlyCount "149"]

1. e4 e5 2. Nf3 Nf6 3. d4 exd4 4. e5 Ne4 5. Qxd4 d5 6. exd6 Nxd6 7. Nc3 Nc6 8.
Qf4 Bf5 9. Bb5 Qe7+ 10. Be3 Nxb5 11. Nxb5 Qb4+ 12. Qxb4 Bxb4+ 13. c3 Ba5 14. b4
Bd3 15. Nfd4 Nxd4 16. Nxd4 Bb6 17. O-O-O Bc4 18. Kb2 O-O 19. Rhe1 a5 20. a3
axb4 21. cxb4 Rfb8 22. Nc2 Bxe3 23. Nxe3 Be6 24. Nd5 Bxd5 25. Rxd5 Re8 26. Red1
g6 27. R1d2 c6 28. Rd7 Ra7 29. Kb3 Rea8 30. Rd8+ Kg7 31. Rxa8 Rxa8 32. a4 h5
33. a5 b6 34. axb6 Rb8 35. Rd7 Rxb6 36. Rc7 Ra6 37. g3 g5 38. f4 gxf4 39. gxf4
h4 40. h3 Kf6 41. Kb2 Kg6 42. Kb3 f6 43. Kb2 Kf5 44. Rh7 Kxf4 45. Rxh4+ Ke5 46.
Rh6 f5 47. b5 Rb6 48. Rxc6 Rxb5+ 49. Kc2 f4 50. Kd2 Rb2+ 51. Ke1 Rh2 52. Rh6 f3
53. Kf1 Kd4 54. Rh8 Ke3 55. Re8+ Kf4 56. Rf8+ Ke4 57. Re8+ Kd3 58. Rh8 Rg2 59.
h4 Ke3 60. Re8+ Kf4 61. h5 Rh2 62. Rh8 Re2 63. h6 Re7 64. Rf8+ Ke3 65. Rg8 Rh7
66. Re8+ Kd4 67. Re6 Rf7 68. Kf2 Kd5 69. Rg6 Ke5 70. Rg7 Kf6 71. Rg3 Rb7 72.
Rh3 Kg6 73. h7 Rxh7 74. Rxh7 Kxh7 75. Kxf3 {
Game drawn because neither player has mating material} 1/2-1/2

[Event "ICS rated blitz match"]
[Site "207.99.83.227"]
[Date "1999.05.13"]
[Round "?"]
[White "Hossa"]
[Black "Pop-eye"]
[Result "1-0"]
[WhiteElo "2519"]
[BlackElo "2291"]
[PlyCount "51"]

1. e4 e5 2. f4 Bc5 3. Qh5 Nc6 4. fxe5 g6 5. Qe2 Qe7 6. c3 d6 7. d4 Bb6 8. exd6
cxd6 9. Nf3 Nf6 10. Bg5 h6 11. Bxf6 Qxf6 12. Nbd2 O-O 13. Qe3 Re8 14. Qxh6 a5
15. Bb5 Bd7 16. O-O Qg7 17. Qxg7+ Kxg7 18. Nc4 Bc7 19. d5 Nb8 20. Bxd7 Nxd7 21.
Rae1 b5 22. Na3 Rab8 23. Nd4 b4 24. Nab5 Bb6 25. Nxd6 Re5 26. Rxf7+ {
Pop-eye resigns} 1-0

[Event "ICS rated blitz match"]
[Site "207.99.83.227"]
[Date "1999.05.13"]
[Round "?"]
[White "Hossa"]
[Black "Black-Rider"]
[Result "1-0"]
[WhiteElo "2552"]
[BlackElo "2223"]
[PlyCount "33"]

1. e4 c5 2. Nc3 e6 3. Nf3 d5 4. Bb5+ Nc6 5. O-O d4 6. Ne2 f6 7. c3 e5 8. cxd4
cxd4 9. d3 Bd7 10. Qb3 a6 11. Bc4 Na5 12. Bf7+ Ke7 13. Qd5 Nh6 14. Nxe5 Nxf7
15. Nxf7 Qc7 16. Nxh8 Bc6 17. Qf7+ {Black-Rider resigns} 1-0

[Event "ICS rated blitz match"]
[Site "207.99.83.227"]
[Date "1999.05.13"]
[Round "?"]
[White "Black-Rider"]
[Black "Hossa"]
[Result "0-1"]
[WhiteElo "2219"]
[BlackElo "2556"]
[PlyCount "74"]

1. e4 e5 2. Nf3 Nf6 3. Nxe5 Qe7 4. d4 d6 5. Nf3 Qxe4+ 6. Be2 Bf5 7. c4 Nc6 8.
Nc3 Qc2 9. Qxc2 Bxc2 10. O-O O-O-O 11. Bg5 Be7 12. Rfc1 Bf5 13. a3 Rde8 14. b4
Ne4 15. Nxe4 Bxe4 16. Be3 Bf6 17. Rd1 Kb8 18. Rac1 Ne7 19. b5 Nf5 20. c5 Nxe3
21. fxe3 dxc5 22. dxc5 Bxf3 23. Bxf3 Bg5 24. Rc4 Bxe3+ 25. Kf1 Rd8 26. Ke2 Rxd1
27. Kxd1 f5 28. c6 b6 29. Ke2 Re8 30. Kd3 g6 31. g4 Bg1 32. gxf5 Re3+ 33. Kd2
Rxf3 34. Re4 a6 35. Re8+ Ka7 36. Re7 Bxh2 37. fxg6 37... hxg6 {
Black-Rider resigns} 0-1

[Event "ICS rated blitz match"]
[Site "207.99.83.227"]
[Date "1999.05.13"]
[Round "?"]
[White "Kob"]
[Black "Hossa"]
[Result "1/2-1/2"]
[WhiteElo "2272"]
[BlackElo "2560"]
[PlyCount "130"]

1. e4 e5 2. Nf3 Nf6 3. d4 exd4 4. e5 Ne4 5. Qxd4 d5 6. exd6 Nxd6 7. Bg5 f6 8.
Bd2 Nc6 9. Qe3+ Qe7 10. Qxe7+ Bxe7 11. Bd3 Bg4 12. Be2 O-O-O 13. Nc3 Bxf3 14.
Bxf3 Nd4 15. Bd1 Nc4 16. Bc1 Bb4 17. O-O Rhe8 18. Kh1 Bxc3 19. bxc3 Ne2 20. h3
Kb8 21. a4 Nxc3 22. Bf3 Nd2 23. Bxd2 Rxd2 24. Rae1 Re5 25. Rxe5 fxe5 26. Re1
Nxa4 27. Rxe5 a6 28. Re8+ Ka7 29. Re7 Rxc2 30. Rxg7 h6 31. h4 Rc4 32. h5 Nb2
33. Kh2 Rc5 34. Rg6 Nd3 35. Rxh6 Nxf2 36. Rh8 Rg5 37. h6 Rg6 38. h7 Rh6+ 39.
Kg1 Nh1 40. Be4 Ng3 41. Bd3 c5 42. Rg8 c4 43. Bg6 Ne2+ 44. Kf2 Nf4 45. Bc2 b5
46. h8=Q Rxh8 47. Rxh8 Nd5 48. Rd8 Nc3 49. Ke3 a5 50. Kd4 Ne2+ 51. Kc5 Nc3 52.
Bd1 Kb7 53. Bf3+ Kc7 54. Ra8 a4 55. Kb4 Nb1 56. Kxb5 c3 57. Ra6 a3 58. Be4 Nd2
59. Bd3 Nb3 60. Rxa3 c2 61. Bxc2 Nd4+ 62. Ka4 Kb6 63. Rc3 Ne6 64. Be4 Ka7 65.
Rc6 65... Nd4 {Kob ran out of time and Hossa has no material to mate} 1/2-1/2

[Event "ICS rated blitz match"]
[Site "207.99.83.227"]
[Date "1999.05.13"]
[Round "?"]
[White "Hossa"]
[Black "rb"]
[Result "1-0"]
[WhiteElo "2549"]
[BlackElo "2386"]
[PlyCount "123"]

1. e4 c5 2. Nc3 Nc6 3. Nf3 d6 4. d4 cxd4 5. Nxd4 Nf6 6. Bb5 Bd7 7. O-O e5 8.
Nb3 a6 9. Bc4 Be6 10. Qe2 Rc8 11. Bd5 Nd4 12. Nxd4 exd4 13. Nd1 Bxd5 14. exd5+
Be7 15. Re1 Kf8 16. Qd3 Qa5 17. c3 Qxd5 18. cxd4 Qc4 19. Qe3 Bd8 20. Bd2 Rc6
21. b3 Qd5 22. Nc3 Qf5 23. Rac1 Rg8 24. Ne4 Rxc1 25. Bxc1 Nxe4 26. Qxe4 Qxe4
27. Rxe4 g5 28. f4 gxf4 29. Bxf4 Rg6 30. Kf2 f5 31. Re2 Bb6 32. Rd2 Kf7 33. a4
Ke6 34. Be3 Kd5 35. h3 Ke4 36. g3 h5 37. Rd1 h4 38. gxh4 f4 39. Bc1 Bxd4+ 40.
Rxd4+ Kxd4 41. Bxf4 Kc3 42. h5 Rf6 43. Kg3 Kxb3 44. a5 Rf5 45. h6 Rxa5 46. Kg4
Rc5 47. Bxd6 Rc8 48. Be5 Rg8+ 49. Kf5 Rf8+ 50. Kg6 Rf3 51. h4 Rf8 52. h7 a5 53.
h5 b5 54. h6 a4 55. h8=Q Rxh8 56. Bxh8 b4 57. h7 Ka2 58. Bf6 b3 59. h8=Q a3 60.
Qg8 Kb1 61. Qxb3+ Kc1 62. Bg5# {rb checkmated} 1-0

[Event "ICS rated blitz match"]
[Site "207.99.83.227"]
[Date "1999.05.13"]
[Round "?"]
[White "jeff251257"]
[Black "Hossa"]
[Result "0-1"]
[WhiteElo "2176"]
[BlackElo "2558"]
[PlyCount "68"]

1. d4 Nf6 2. Nf3 e6 3. c4 d5 4. Nc3 Be7 5. e3 O-O 6. Qc2 c5 7. cxd5 exd5 8.
dxc5 Bxc5 9. a3 Nc6 10. b4 Bd6 11. Bb2 Bg4 12. Be2 Bxf3 13. Bxf3 d4 14. Nd1 d3
15. Qd2 Ne5 16. Bxe5 Bxe5 17. Rc1 Qd7 18. O-O Rac8 19. Nb2 Bxb2 20. Qxb2 Rxc1
21. Rxc1 Rd8 22. Qd2 a6 23. Rd1 b5 24. h3 Qd6 25. Bb7 Qc7 26. Bf3 Qe5 27. Bb7
Ne4 28. Bxe4 Qxe4 29. f3 Qe6 30. Kf2 Qb3 31. Qc1 Qc4 32. Qd2 Kh8 33. Rc1 Qb3
34. Rc3 34... Qxc3 {jeff251257 resigns} 0-1

[Event "ICS Rated blitz match"]
[Site "207.99.83.227"]
[Date "1999.05.13"]
[Round "?"]
[White "Hossa"]
[Black "UBet"]
[Result "1/2-1/2"]
[WhiteElo "2561"]
[BlackElo "2216"]
[PlyCount "97"]

1. e4 e5 2. f4 Nc6 3. Ne2 exf4 4. Nxf4 d6 5. Be2 Nf6 6. Nc3 Be7 7. d4 O-O 8.
O-O h6 9. Be3 a6 10. Nfd5 Nxd5 11. exd5 Nb8 12. Bh5 Nd7 13. Qf3 Nf6 14. Rae1
Nxh5 15. Qxh5 Bd7 16. a4 Bg5 17. Bxg5 Qxg5 18. Qxg5 hxg5 19. Re7 Rad8 20. Rf3
f6 21. a5 Rf7 22. Rxf7 Kxf7 23. Rf1 Re8 24. Rc1 Bf5 25. Kf2 Kg6 26. b4 Bd7 27.
Rd1 Bg4 28. Rd2 Bd7 29. Re2 Rxe2+ 30. Kxe2 Kf5 31. Kf3 Bb5 32. g4+ Kg6 33. Nd1
Bd7 34. Ne3 Kf7 35. Ke4 g6 36. c3 Ke7 37. c4 Kf7 38. c5 Ke7 39. Kf3 f5 40. Nc4
Bc8 41. Nd2 Bd7 42. Kg3 Bb5 43. Kf2 Kf6 44. cxd6 cxd6 45. Kf3 Ke7 46. Kf2 Kf6
47. Kf3 Ke7 48. Kf2 Kf6 49. Kf3 {Game drawn by repetition} 1/2-1/2

[Event "ICS rated blitz match"]
[Site "207.99.83.227"]
[Date "1999.05.13"]
[Round "?"]
[White "Hossa"]
[Black "bookbuilder"]
[Result "0-1"]
[WhiteElo "2549"]
[BlackElo "2636"]
[Annotator "Crafty v16.6"]
[PlyCount "99"]

{annotating for player ossa using a scoring margin of +0.20 pawns. search time
limit is 1:00} 1. e4 1... e6 2. Nf3 d5 3. exd5 exd5 4. Bb5+ Bd7 5. Bxd7+ ({
9:+0.50} 5. Bxd7+ 5... Qxd7 6. Ne5 Qe6 7. O-O Na6 8. Re1 O-O-O 9. Ng4 Qf5 10.
Nc3 $14) ({9:+0.81} 5. Qe2+ 5... Be7 6. O-O c6 7. Ba4 Nf6 8. Re1 Bg4 9. Bb3
9... Kf8 $16) 5... Nxd7 6. O-O Bd6 7. Nc3 Ne7 8. d3 O-O 9. Bg5 Nb6 10. a4 Re8
11. a5 Nbc8 12. Qe2 h6 13. Bh4 ({10:-0.21} 13. Bh4 13... g5 14. Bg3 Nc6 15. Qd1
Bxg3 16. fxg3 d4 17. Ne4 g4 18. Nh4 $10) ({10:+0.01} 13. Bd2 13... Nc6 14. Qd1
a6 15. Re1 N8e7 16. Ne2 Nf5 17. Nf4 Rxe1+ 18. Qxe1 18... d4 $10) 13... g5 14.
Bxg5 ({10:-0.92} 14. Bxg5 14... hxg5 15. Nxg5 Qd7 16. Qf3 f5 17. Rfe1 c6 18.
Ne6 18... a6 $17) ({10:-0.18} 14. Bg3 14... Nf5 15. Qd2 Bb4 16. Rfe1 Rxe1+ 17.
Qxe1 Nxg3 18. hxg3 d4 19. Qe4 dxc3 20. Qxb4 $10) 14... hxg5 15. Nxg5 Qd7 16. a6
({9:-1.11} 16. a6 16... bxa6 17. Qf3 Qf5 18. Qxf5 Nxf5 19. Nxd5 Re2 20. Ne3 Nd4
21. Rxa6 Nxc2 22. Nxc2 22... Rxc2 $17) ({9:-0.81} 16. Qf3 16... Qf5 17. Qxf5
Nxf5 18. Nxd5 Re2 19. Ne3 Nd4 20. Rae1 20... Rd2 $17) 16... bxa6 17. Qh5 ({
10:-1.45} 17. Qh5 17... Qf5 18. Rfe1 Rf8 19. Ra4 Qg6 20. Qxg6+ fxg6 21. Ne6 Nb6
22. Rxa6 22... Rfe8 $17) ({10:-1.13} 17. Qf3 17... Rf8 18. Rxa6 Rb8 19. Rb1 f6
20. Nxd5 Bxh2+ 21. Kxh2 Nxd5 22. Ne6 $17) 17... Qf5 18. Rxa6 Rb8 19. Re1 Rf8
20. Ra4 Qg6 21. Qg4 ({9:-2.40} 21. Qg4 21... Rxb2 22. Re2 Bb4 23. Rxb4 Rxb4 24.
Qxb4 Qxg5 25. Nb5 25... c6 $19) ({9:-1.60} 21. Qxg6+ 21... fxg6 22. Ra2 Rf6 23.
Re2 Rb6 24. h4 Rc6 25. Nb5 Bc5 26. Ra1 $19) 21... Rxb2 22. Ra2 Rxa2 23. Nxa2
Nf5 24. h3 ({11:-3.29} 24. h3 24... Nce7 25. f4 Rb8 26. c4 Bc5+ 27. Kh2 f6 28.
Re6 Qg7 29. Rxe7 29... Nxe7 $19) ({11:-2.99} 24. h4 24... f6 25. Re6 Nce7 26.
g3 Qg7 27. Rxe7 Nxe7 28. Qe6+ Kh8 29. Nf3 29... a5 $19) 24... Nce7 25. Nf3 Qxg4
26. hxg4 Nh6 27. g5 Ng4 28. Nc3 Rb8 29. Ra1 Rb2 30. Ne1 Be5 31. Na4 Rb8 32. c3
Kg7 33. Nf3 Bd6 34. Kf1 Nf5 35. c4 dxc4 36. dxc4 c5 37. Nc3 Rb4 38. Rxa7 Rxc4
39. Nd1 Rc1 40. Ke2 c4 41. Ra5 Rc2+ 42. Kf1 Nxf2 43. Kg1 Nxd1 44. Rxf5 Ne3 45.
g4 Bg3 46. Kh1 Rc1+ 47. Ng1 Nxf5 48. gxf5 Bf2 49. Kg2 Bxg1 50. Kh3 0-1

[Event "ICS rated blitz match"]
[Site "207.99.83.227"]
[Date "1999.05.13"]
[Round "?"]
[White "Angharad"]
[Black "Hossa"]
[Result "0-1"]
[WhiteElo "2224"]
[BlackElo "2537"]
[PlyCount "48"]

1. e4 e5 2. Nf3 Nf6 3. Nxe5 Qe7 4. d4 d6 5. Nf3 Qxe4+ 6. Be3 Ng4 7. Nc3 Qe6 8.
Qd2 Nxe3 9. fxe3 Be7 10. Bd3 O-O 11. O-O-O f5 12. h4 d5 13. g4 Qd6 14. Ne5 Nc6
15. Nb5 Qd8 16. Qh2 fxg4 17. Rdf1 Rxf1+ 18. Rxf1 Bxh4 19. Nxc7 g3 20. Qh1 Nxe5
21. Bxh7+ Kxh7 22. Nxd5 Ng6 23. Nf4 Qg5 24. Nxg6 24... g2 {Angharad resigns}
0-1

[Event "ICS rated blitz match"]
[Site "207.99.83.227"]
[Date "1999.05.13"]
[Round "?"]
[White "CSTalII"]
[Black "Hossa"]
[Result "1-0"]
[WhiteElo "2564"]
[BlackElo "2542"]
[Annotator "Crafty v16.6"]
[PlyCount "102"]

{annotating for player ossa using a scoring margin of +0.20 pawns. search time
limit is 1:00} 1. e4 1... e5 2. Nf3 Nf6 3. Nxe5 Qe7 4. d4 d6 5. Nf3 Qxe4+ 6.
Be2 Bf5 7. c3 Be7 8. O-O O-O 9. Na3 Nbd7 10. Ng5 Qc6 11. Re1 Rae8 12. g4 Bg6
13. Bb5 Qb6 14. Ba4 d5 15. Nf3 Bxa3 16. bxa3 Rxe1+ 17. Nxe1 Qa5 ({10:+0.39} 
17... Qa5 18. g5 Nb6 19. gxf6 Qxa4 20. fxg7 Kxg7 21. Qf3 Re8 22. Bf4 Qc4 23.
Bg5 $15) ({10:+0.85} 17... Qd6 18. f3 Nb6 19. Ng2 c5 20. Bg5 Nxa4 21. Qxa4 Ra8
22. Nh4 Ne8 23. Nxg6 23... Qxg6 $17) 18. g5 Qxc3 ({11:+0.06} 18... Qxc3 19.
gxf6 Qxa1 20. Bxd7 gxf6 21. Qd2 Qb1 22. Qh6 Rd8 23. Bg4 23... Qxa2 $10) ({
11:+0.45} 18... Nb6 19. gxf6 Nxa4 20. fxg7 Kxg7 21. Bd2 Qa6 22. Qf3 Qc4 23. Qe3
c6 24. Qh6+ Kg8 25. Qe3 $15) 19. Bd2 Qxd4 20. gxf6 Nxf6 21. Bb4 Qxd1 22. Rxd1
Rc8 23. Bc5 c6 24. Bd4 Nd7 25. Rc1 Re8 26. Bb3 a6 27. Nf3 Re4 ({11:-0.20} 27...
Re4 28. Bxd5 Rg4+ 29. Kf1 Bf5 30. h3 Rf4 31. Be3 Ra4 32. Bc4 Bxh3+ 33. Ke2
33... Rxa3 $10) ({11:+0.67} 27... Bh5 28. Bd1 Nf8 29. Kg2 Ne6 30. Be5 c5 31.
Ba4 b5 32. Bb3 32... c4 $15) 28. Bxd5 Rf4 ({11:-1.03} 28... Rf4 29. Be3 Rf5 30.
Be4 Ra5 31. Bxg6 hxg6 32. Rd1 Nf8 33. Rd3 Rd5 34. Rxd5 34... cxd5 $16) ({
11:-0.27} 28... Rg4+ 29. Kf1 Bf5 30. h3 Rf4 31. Be3 Bxh3+ 32. Ke2 Ra4 33. Bxf7+
Kxf7 34. Ng5+ Ke7 35. Nxh3 35... Rxa3 $10) 29. Be3 Rg4+ 30. Kf1 Bd3+ 31. Ke1
Ra4 32. Bb3 Ra5 33. Ng5 Bg6 34. Rd1 Nf8 35. Rd8 Re5 36. Kd2 h6 37. Nf3 Ra5 38.
Bf4 Rf5 39. Ke3 Bh5 40. Ne1 Rf6 41. Bd6 Rxd6 42. Rxd6 Bg4 43. Rd8 Bf5 44. Nf3
g5 45. Ne5 Kg7 46. Nxf7 Ne6 47. Rd7 Nc5 48. Rc7 Kf6 49. Nxh6 Be6 50. Bxe6 Kxe6
51. Rf7 Nd7 1-0

[Event "ICS rated blitz match"]
[Site "207.99.83.227"]
[Date "1999.05.13"]
[Round "?"]
[White "Hossa"]
[Black "attakinski"]
[Result "0-1"]
[WhiteElo "2535"]
[BlackElo "2762"]
[Annotator "Crafty v16.6"]
[PlyCount "61"]

{annotating for player ossa using a scoring margin of +0.20 pawns. search time
limit is 1:00} 1. e4 1... e5 2. f4 exf4 3. Nf3 g5 4. Bc4 ({10:-1.28} 4. Bc4
4... g4 5. Bxf7+ Kxf7 6. Ne5+ Ke8 7. Qxg4 Nf6 8. Qxf4 d6 9. Rf1 dxe5 10. Qxf6
Qxf6 11. Rxf6 $17) ({10:-0.72} 4. h3 4... Nf6 5. Nxg5 h6 6. Nf3 Nxe4 7. Nc3 Ng3
8. Rg1 8... Bb4 $17) 4... g4 5. Ne5 Qh4+ 6. Kf1 Nc6 7. Nxf7 Bc5 8. Qe1 g3 9.
Nxh8 Bf2 10. Qd1 Nf6 11. h3 ({9:+2.89} 11. h3 11... d6 12. Nc3 Bg4 13. Be2
Bxe2+ 14. Qxe2 O-O-O 15. Nf7 Nd4 16. Qc4 $18) ({9:+3.13} 11. Nc3 11... Ne5 12.
Nd5 Nxd5 13. Bxd5 d6 14. d4 Bg4 15. Qd2 15... Be3 $18) 11... d5 12. exd5 Ng4
13. dxc6 ({7:+1.85} 13. dxc6 13... Nh2+ 14. Ke2 f3+ 15. gxf3 Qxc4+ 16. d3 Qe6+
17. Kd2 g2 18. c3 gxh1=Q 19. Qxh1 Qxh3 20. cxb7 20... Bxb7 $18) ({7:+3.33} 13.
Qe2+ 13... Kf8 14. Qf3 Nh2+ 15. Rxh2 gxh2 16. g4 Qg3 17. Qg2 Qxg2+ 18. Kxg2
18... Ne5 $18) 13... Nh2+ 14. Ke2 f3+ 15. gxf3 Qxc4+ 16. d3 Qe6+ 17. Kd2 g2 18.
c4 Nxf3+ 19. Kc2 gxh1=Q 20. Qxh1 Qe2+ 21. Nd2 ({9:-5.27} 21. Nd2 21... Ne1+ 22.
Kc3 Qxd3+ 23. Kb4 Nc2+ 24. Ka4 Nxa1 25. Qd1 Ke7 26. b3 Nc2 27. Bb2 27... bxc6
$19) ({9:-2.82} 21. Bd2 21... Be1 22. Qxf3 Qxf3 23. Bxe1 Bf5 24. Nc3 Bxd3+ 25.
Kd2 25... bxc6 $19) 21... Ne1+ 22. Kc3 Qxd3+ 23. Kb4 a5+ 24. Ka4 b5+ 25. Kxb5
Rb8+ 26. Ka4 Rb4+ 27. Kxa5 Nc2 28. Qe1+ Bxe1 29. Nf7 Qf5+ 30. Ne5 Qxe5+ 31. c5
0-1